Normal view
MARC view
Entry Personal Name
001 - CONTROL NUMBER
- control field: 10765
003 - CONTROL NUMBER IDENTIFIER
- control field: BD-RjUL
005 - DATE AND TIME OF LATEST TRANSACTION
- control field: 20231228110724.0
008 - FIXED-LENGTH DATA ELEMENTS
- fixed length control field: 231228|| aca||aabn | a|a d
040 ## - CATALOGING SOURCE
- Original cataloging agency: BD-RjUL
- Transcribing agency: BD-RjUL
100 ## - HEADING--PERSONAL NAME
- Personal name: Bentley, Phyllis
670 ## - SOURCE DATA FOUND
- Source citation: Work cat.: (BD-RjUL)82564: Brontë, Charlotte, 1816-1855. 60380, Villette /, 1970